| 000 | 00687nam a2200241Ia 4500 | ||
|---|---|---|---|
| 005 | 20260121111838.0 | ||
| 008 | 1300 260114s9999 xx 000 0 eng d | ||
| 020 | _a9789812772855 | ||
| 037 | _aEBOOK | ||
| 040 |
_aCRL _beng _cCRL |
||
| 041 |
_aeng _2eng |
||
| 084 | _qCRL | ||
| 100 |
_aKleinert Hagen _9948223 |
||
| 245 | 0 | _aPath Integrals in Quantum Mechanics, Statistics, Polymer Physics, and Financial Markets 4Th Edition | |
| 260 | _bWorld Scientific | ||
| 260 | _bWSPC | ||
| 260 | _c2006 | ||
| 650 |
_aPhysics _9948224 |
||
| 856 | _uhttps://www.worldscientific.com/worldscibooks/10.1142/6223#t=toc | ||
| 942 | _cEBOOK | ||
| 999 |
_c1538600 _d1538600 |
||